|
|
|
|
| LEADER |
00000naa2a2200000 4500 |
| 001 |
318332 |
| 005 |
20260202114532.0 |
| 035 |
|
|
|a (RuTPU)RU\TPU\book\343830
|
| 035 |
|
|
|a RU\TPU\book\343829
|
| 090 |
|
|
|a 318332
|
| 100 |
|
|
|a 20160425d2000 k y0rusy50 ca
|
| 101 |
0 |
|
|a rus
|
| 102 |
|
|
|a RU
|
| 200 |
1 |
|
|a Превращение прямогонных бензинов на ВК-цеолитах типа пентасил, подвергнутых термопаровой обработке
|d Conversion of Distilled Gasoline Over ZSM-5-Type Zeolite, Subjected Thermovapour Procedures
|f Л. В. Адяева [и др.]
|
| 225 |
1 |
|
|a Секция С. Рациональное использование углеводородного сырья
|
| 320 |
|
|
|a Библиогр.: с. 308-309 (4 назв.)
|
| 461 |
|
0 |
|0 (RuTPU)RU\TPU\book\298530
|t Химия нефти и газа
|o материалы IV Международной конференции 2-6 октября 2000, Томск
|f Российская академия наук (РАН), Сибирское отделение (СО) , Институт химии нефти (ИХН)
|d 2000
|
| 463 |
|
0 |
|0 (RuTPU)RU\TPU\book\23096
|y 5-93629-053-0
|t Т. 2
|v С. 305-309
|d 2000
|
| 510 |
1 |
|
|a Conversion of Distilled Gasoline Over ZSM-5-Type Zeolite, Subjected Thermovapour Procedures
|z eng
|
| 610 |
1 |
|
|a труды учёных ТПУ
|
| 701 |
|
1 |
|a Адяева
|b Л. В.
|
| 701 |
|
1 |
|a Рябов
|b Ю. В.
|
| 701 |
|
1 |
|a Ерофеев
|b В. И.
|c специалист в области нефтегазового дела
|c профессор Томского политехнического университета, доктор технических наук
|f 1946-
|g Владимир Иванович
|3 (RuTPU)RU\TPU\pers\26104
|9 11934
|
| 701 |
|
1 |
|a Восмериков
|b А. В.
|
| 801 |
|
1 |
|a RU
|b 63413507
|c 20160421
|
| 801 |
|
2 |
|a RU
|b 63413507
|c 20160425
|g RCR
|
| 942 |
|
|
|c BK
|